| 000 | 00721nam a22002057a 4500 | ||
|---|---|---|---|
| 999 |
_c21394 _d21394 |
||
| 003 | AR-CdUCM | ||
| 008 | 190321b ||||| |||| 00| 0 spa d | ||
| 020 | _a9786073237451 | ||
| 040 |
_aMUNICIPALIDAD PROVINCIAL DEL CUSCO _cBIBLIOTECA MUNICIPAL DEL CUSCO |
||
| 082 |
_a512.7/L31 _bL31 _2Quinta |
||
| 100 |
_aLay, David C _944619 |
||
| 245 | _aÁlgebra lineal y sus aplicaciones / | ||
| 260 |
_aMéxico ; _bPearson, _c2016. |
||
| 300 |
_a576 Páginas. : _c21x27 cm. |
||
| 505 | _aContenido: Ecuaciones lineales en álgebra lineal -- Álgebra de matrices -- Determinantes -- Valores propios y vectores propios ... | ||
| 650 |
_aÁlgebra _919778 |
||
| 650 |
_aMatemáticas _99398 |
||
| 942 |
_2ddc _cLIBROS |
||
| 945 | _aRoel | ||